[Event "138th New York State Ch."]
[Site "Colonie,NY"]
[Date "2016.09.03"]
[Round "1"]
[White "Artis Mickens, Krishna"]
[Black "Sharp, Dale E"]
[Result "0-1"]
[WhiteElo "1072"]
[BlackElo "2123"]
[PlyCount "70"]
[EventDate "2016.09.??"]
[EventRounds "6"]
[EventCountry "USA"]

1. d4 e6 2. c4 f5 3. Bf4 Nf6 4. Nc3 d5 5. cxd5 exd5 6. e3 c6 7. Nf3 Be7 8. Bd3
O-O 9. O-O Ne4 10. Ne2 Nd7 11. Qc2 Ndf6 12. Ng3 Qe8 13. Nh4 g5 14. Bxg5 Nxg5
15. Nhxf5 Nfe4 16. f3 Nxg3 17. Nxg3 Bd6 18. f4 Qxe3+ 19. Kh1 Bxf4 20. Rae1 Qxd4
21. Re7 Qf6 22. Bxh7+ Kh8 23. Rc7 Bxc7 24. Rxf6 Rxf6 25. Qc3 Nxh7 26. Kg1 Bxg3
27. hxg3 Bf5 28. Qb4 Raf8 29. g4 Be4 30. Qxb7 Rf1+ 31. Kh2 R1f2 32. Qe7 Rxg2+
33. Kh3 Rf3+ 34. Kxg2 Rf7+ 35. Qxe4 dxe4 0-1

[Event "138th New York State Ch."]
[Site "Colonie,NY"]
[Date "2016.09.03"]
[Round "1"]
[White "Dean Kawamura, Ben"]
[Black "Qiao, Cindy"]
[Result "1-0"]
[WhiteElo "2231"]
[BlackElo "1850"]
[PlyCount "73"]
[EventDate "2016.09.??"]
[EventRounds "6"]
[EventCountry "USA"]

1. e4 c5 2. Nf3 d6 3. d4 cxd4 4. Nxd4 Nf6 5. Nc3 g6 6. Be3 Bg7 7. f3 Nc6 8. Qd2
O-O 9. Bc4 Bd7 10. O-O-O Rc8 11. Bb3 Ne5 12. h4 h5 13. Kb1 Nc4 14. Bxc4 Rxc4
15. Rhe1 a6 16. Bh6 Rxd4 17. Qxd4 Bxh6 18. e5 Ne8 19. exd6 Nxd6 20. Nd5 Be6 21.
g4 hxg4 22. fxg4 Bg7 23. Qb4 Bxd5 24. Rxd5 Qc7 25. Rc5 Qd7 26. h5 Rd8 27. a3
gxh5 28. gxh5 Nf5 29. Rg1 e6 30. Rxf5 exf5 31. h6 Qd1+ 32. Rxd1 Rxd1+ 33. Ka2
Bxh6 34. Qxb7 f4 35. Qc8+ Kh7 36. Qf5+ Kh8 37. Qh5 1-0

[Event "138th New York State Ch."]
[Site "Colonie,NY"]
[Date "2016.09.03"]
[Round "1"]
[White "Paciorkowski, Lev"]
[Black "Slomski, Matt"]
[Result "1-0"]
[WhiteElo "2294"]
[BlackElo "2129"]
[PlyCount "79"]
[EventDate "2016.09.??"]
[EventRounds "6"]
[EventCountry "USA"]

1. d4 e6 2. c4 d5 3. Nf3 c6 4. g3 dxc4 5. Bg2 b5 6. O-O Nd7 7. Nc3 Bb7 8. a4 b4
9. Ne4 c5 10. Ne5 Nxe5 11. dxe5 Bd5 12. Bg5 Qc7 13. Nd6+ Bxd6 14. exd6 Qb7 15.
e4 Bc6 16. Qc2 f6 17. Be3 Qa6 18. Bxc5 Rb8 19. Rfd1 e5 20. Bf1 b3 21. Qxc4 Qxc4
22. Bxc4 Bxe4 23. d7+ Kd8 24. Bf8 Ne7 25. Bxg7 Rg8 26. Bxf6 Rg4 27. Bxe5 Ra8
28. h3 Rg6 29. Bc3 a5 30. Rd4 Bc6 31. Bxb3 Bxd7 32. Rad1 Ra7 33. Bxa5+ Ke8 34.
Bb4 Nc6 35. Re4+ Kd8 36. Bc3 Kc8 37. Rh4 Bf5 38. Rh5 Be4 39. Re1 Bf3 40. Rf5
1-0

[Event "138th New York State Ch."]
[Site "Colonie,NY"]
[Date "2016.09.03"]
[Round "1"]
[White "Renna, Anthony"]
[Black "Fellman, Mike"]
[Result "1-0"]
[WhiteElo "2330"]
[BlackElo "2138"]
[PlyCount "107"]
[EventDate "2016.09.??"]
[EventRounds "6"]
[EventCountry "USA"]

1. e4 c5 2. Nf3 d6 3. d4 cxd4 4. Nxd4 Nf6 5. Nc3 a6 6. h3 e6 7. g4 d5 8. exd5
Nxd5 9. Nxd5 Qxd5 10. Rg1 e5 11. Nf3 Qxd1+ 12. Kxd1 Nc6 13. Be3 Be7 14. Bc4 h5
15. gxh5 Bxh3 16. Rxg7 O-O-O+ 17. Ke2 Rxh5 18. Bxf7 Rhh8 19. Bb6 Rd6 20. Rd1 e4
21. Ng1 Bf5 22. Rxd6 Bxd6 23. Rg5 Bd7 24. Ke3 Rf8 25. Rg8 Ne5 26. Rxf8+ Bxf8
27. Bd5 Ng4+ 28. Kxe4 Bg7 29. c3 Nf6+ 30. Kd4 Ng4+ 31. Kd3 Bf5+ 32. Ke2 Ne5 33.
Bd4 Bf6 34. f4 Nd7 35. Bxf6 Nxf6 36. Bf3 b6 37. Ke3 Kc7 38. Ne2 Kd6 39. Ng3 Bb1
40. a3 Nd5+ 41. Bxd5 Kxd5 42. Nf1 Bg6 43. Nd2 a5 44. Nf3 Be8 45. f5 b5 46. Kf4
Kc4 47. Nd2+ Kd3 48. Ne4 Bf7 49. f6 Kc2 50. b4 axb4 51. axb4 Kd3 52. Nd6 Bg8
53. Nxb5 Kc4 54. Nc7 1-0

[Event "138th New York State Ch."]
[Site "Colonie,NY"]
[Date "2016.09.03"]
[Round "1"]
[White "Rofrano, Joshua"]
[Black "Treger, Yfim"]
[Result "1/2-1/2"]
[WhiteElo "2122"]
[BlackElo "2287"]
[PlyCount "260"]
[EventDate "2016.09.??"]
[EventRounds "6"]
[EventCountry "USA"]

1. d4 Nf6 2. c4 g6 3. Nc3 Bg7 4. e4 d6 5. Be2 O-O 6. Nf3 Bg4 7. O-O e5 8. Be3
Nfd7 9. h3 Bxf3 10. Bxf3 Nc6 11. d5 Nd4 12. Be2 c5 13. a3 f5 14. f3 Bf6 15. b4
Bg5 16. Bf2 b6 17. Rb1 Rb8 18. Bd3 Bf4 19. Ne2 Bg5 20. Bxd4 cxd4 21. f4 fxe4
22. Bxe4 Bxf4 23. Nxf4 exf4 24. Qxd4 Qf6 25. Qxf6 Rxf6 26. Bf3 Ne5 27. Be2 Rbf8
28. Rb3 h5 29. a4 g5 30. Bxh5 Nxc4 31. Rc3 Ne3 32. Re1 Nxd5 33. Rc4 Ne3 34. Rc7
Rh6 35. Bf3 Rh7 36. Rec1 Rxc7 37. Rxc7 Rf7 38. Rc8+ Kg7 39. Rd8 Rc7 40. Rxd6
Rc1+ 41. Kf2 Rc2+ 42. Kg1 Rc4 43. Rd7+ Kf6 44. Rxa7 Rxb4 45. a5 bxa5 46. Rxa5
Rb1+ 47. Kf2 Rb2+ 48. Kg1 Rb6 49. Rc5 Rb1+ 50. Kf2 Rb2+ 51. Kg1 Nf5 52. Rc1 Nd4
53. Rf1 Rb3 54. Bg4 Rg3 55. Kh2 Rd3 56. Rd1 Rxd1 57. Bxd1 Nf5 58. Kg1 Ke5 59.
Kf2 Kd4 60. Bg4 Ne3 61. Bf3 Nc4 62. Be2 Ne5 63. Ba6 Ng6 64. Bb7 Ke5 65. Bf3 Nh4
66. Bb7 Nf5 67. Bf3 Ng3 68. Bb7 Nf5 69. Bf3 Nd4 70. Bb7 Kf5 71. Bc8+ Kg6 72.
Bg4 Nc6 73. Be2 Nb4 74. Bg4 Nd3+ 75. Kf1 Ne5 76. Be2 Kf5 77. Kf2 Ke4 78. Bb5 g4
79. hxg4 Nxg4+ 80. Ke2 Ne5 81. Ba6 Kf5 82. Bb7 Kg4 83. Bc8+ Kg3 84. Bb7 Nc4 85.
Kf1 Nd6 86. Bc6 Nf7 87. Bb7 Ne5 88. Be4 Ng4 89. Bb7 Ne3+ 90. Kg1 Nd1 91. Bc6
Nc3 92. Bf3 Nb5 93. Bc6 Nd4 94. Bb7 Ne2+ 95. Kf1 Nc3 96. Kg1 Kg4 97. Bf3+ Kg3
98. Bc6 Na2 99. Bb7 Nb4 100. Be4 Na6 101. Bf3 Nc5 102. Bc6 Kg4 103. Bf3+ Kf5
104. Bc6 Ke5 105. Kf1 Kd4 106. Kf2 Nd3+ 107. Kf1 Ke3 108. Bb7 Nc1 109. Bf3 Nb3
110. Bb7 Nd2+ 111. Kg1 Ke2 112. Ba6+ Ke1 113. Bb7 Nf1 114. Bc6 Ng3 115. Bb7
Ne2+ 116. Kh2 Kf2 117. Bc6 Ng3 118. Bb5 Nf5 119. Bc6 Ne3 120. Bb7 Nf1+ 121. Kh3
Ne3 122. Bc6 Kg1 123. Bb7 Kf1 124. Bc6 Kf2 125. Bb7 Nc4 126. Bd5 Nd6 127. Bc6
Nf7 128. Bb7 Ne5 129. Bd5 Nd3 130. Bb7 Ke3 1/2-1/2

[Event "138th New York State Ch."]
[Site "Colonie,NY"]
[Date "2016.09.03"]
[Round "1"]
[White "Sheppard, Dore A"]
[Black "Adamec, Carl"]
[Result "1-0"]
[WhiteElo "2142"]
[BlackElo "2000"]
[PlyCount "35"]
[EventDate "2016.09.??"]
[EventRounds "6"]
[EventCountry "USA"]

1. e4 e5 2. Nf3 d6 3. d4 Nd7 4. Nc3 g6 5. dxe5 dxe5 6. Bc4 Bg7 7. Ng5 Nh6 8.
Be3 O-O 9. f3 Nb6 10. Bb3 Qxd1+ 11. Rxd1 c6 12. h4 Nd7 13. h5 gxh5 14. Rxh5 Nf6
15. Rh4 Kh8 16. Bc5 Bd7 17. Bxf8 Rxf8 18. Ke2 1-0

[Event "138th New York State Ch."]
[Site "Colonie,NY"]
[Date "2016.09.03"]
[Round "1"]
[White "Taylor, Steven A"]
[Black "Ellenbogen, Michael"]
[Result "0-1"]
[WhiteElo "2109"]
[BlackElo "2185"]
[PlyCount "48"]
[EventDate "2016.09.??"]
[EventRounds "6"]
[EventCountry "USA"]

1. d4 e6 2. g3 c5 3. Nf3 Nf6 4. Bg2 Nc6 5. O-O cxd4 6. Nxd4 Qb6 7. Nb3 d5 8.
N1d2 e5 9. c4 d4 10. Nf3 Be6 11. Qc2 Be7 12. Bd2 O-O 13. Ng5 Bg4 14. c5 Qa6 15.
f3 Bh5 16. e4 dxe3 17. Bxe3 Nb4 18. Qd2 Nfd5 19. Bf2 Rad8 20. f4 exf4 21. gxf4
Nd3 22. Rfd1 Bxd1 23. Rxd1 N5xf4 24. Nf3 Nxf2 0-1

[Event "138th New York State Ch."]
[Site "Colonie,NY"]
[Date "2016.09.03"]
[Round "1"]
[White "Zeltsah, Joseph"]
[Black "Wang, Brandon M"]
[Result "1-0"]
[WhiteElo "2254"]
[BlackElo "2107"]
[PlyCount "37"]
[EventDate "2016.09.??"]
[EventRounds "6"]
[EventCountry "USA"]

1. e4 c5 2. Nf3 d6 3. d4 cxd4 4. Nxd4 Nf6 5. Nc3 g6 6. Be3 Bg7 7. f3 O-O 8. Qd2
Nc6 9. O-O-O d5 10. Qe1 e6 11. h4 Nxd4 12. Bxd4 dxe4 13. Nxe4 Nd5 14. Bxg7 Kxg7
15. c4 Qc7 16. Kb1 Ne7 17. h5 f5 18. Nd6 gxh5 19. Qg3+ 1-0

[Event "138th New York State Ch."]
[Site "Colonie,NY"]
[Date "2016.09.03"]
[Round "2"]
[White "Carter, David"]
[Black "Johnston, Daniel F"]
[Result "1/2-1/2"]
[WhiteElo "2220"]
[BlackElo "2076"]
[PlyCount "67"]
[EventDate "2016.09.??"]
[EventRounds "6"]
[EventCountry "USA"]

1. d4 Nf6 2. c4 g6 3. Nc3 d5 4. cxd5 Nxd5 5. Bd2 Bg7 6. e4 Nxc3 7. Bxc3 c5 8.
d5 Bxc3+ 9. bxc3 O-O 10. Qd2 Qd6 11. Nf3 Bg4 12. Be2 Nd7 13. O-O e6 14. c4 exd5
15. exd5 Bxf3 16. Bxf3 Ne5 17. Be2 Nc6 18. Rab1 b6 19. Rb2 Nd4 20. Bd3 a6 21.
f4 f5 22. Rfb1 Rab8 23. a4 Rfd8 24. Re1 Re8 25. Rbb1 Rxe1+ 26. Rxe1 Qd7 27. Qa2
Re8 28. Rb1 Qd6 29. Qd2 Re7 30. Kf2 Kf7 31. Re1 Rxe1 32. Kxe1 Qe7+ 33. Kf1 Qd7
34. Qd1 1/2-1/2

[Event "138th New York State Ch."]
[Site "Colonie,NY"]
[Date "2016.09.03"]
[Round "2"]
[White "Fellman, Mike"]
[Black "Qiao, Cindy"]
[Result "1/2-1/2"]
[WhiteElo "2138"]
[BlackElo "1850"]
[PlyCount "96"]
[EventDate "2016.09.??"]
[EventRounds "6"]
[EventCountry "USA"]

1. d4 d5 2. c4 c6 3. Nf3 Nf6 4. Nc3 e6 5. Bg5 Nbd7 6. cxd5 exd5 7. e3 Bb4 8.
Bd3 Qa5 9. Qc2 O-O 10. O-O Re8 11. a3 Bxc3 12. bxc3 Ne4 13. Bf4 Ndf6 14. c4
dxc4 15. Bxc4 Qd8 16. Bd3 h6 17. Ne5 Nd6 18. h3 Nd5 19. Bg3 Qa5 20. Nf3 Qc7 21.
Rfe1 Be6 22. e4 Nb6 23. a4 Rec8 24. Qc5 Rd8 25. a5 Nbc8 26. a6 Qd7 27. Ne5 Qe7
28. axb7 Nxb7 29. Qc3 Bd7 30. Nxc6 Bxc6 31. Qxc6 Rxd4 32. Ba6 Rd7 33. Rab1 Nb6
34. e5 Rc8 35. Qf3 Rcd8 36. Bb5 Rd5 37. Bc6 Rd3 38. Qf5 Nc5 39. Bf3 Ne6 40. Be4
g6 41. Qg4 R3d4 42. Bh4 Ng5 43. f4 Qc5 44. Kh2 Nxe4 45. Bxd8 Nf2 46. Qh4 Nd3
47. Rf1 Nxf4 48. Bxb6 axb6 1/2-1/2

[Event "138th New York State Ch."]
[Site "Colonie,NY"]
[Date "2016.09.03"]
[Round "2"]
[White "Rodrigue Lemieux, Shawn"]
[Black "Paciorkowski, Lev"]
[Result "1/2-1/2"]
[WhiteElo "2181"]
[BlackElo "2294"]
[PlyCount "120"]
[EventDate "2016.09.??"]
[EventRounds "6"]
[EventCountry "USA"]

1. e4 c5 2. Nf3 e6 3. d3 d5 4. Nbd2 Nf6 5. Be2 Be7 6. O-O O-O 7. c3 Nc6 8. Qc2
b6 9. Rd1 Ba6 10. Nf1 Qc7 11. Ng3 Rac8 12. Be3 Ng4 13. Bc1 Nf6 14. Be3 Bd6 15.
Re1 Bb7 16. Rad1 h6 17. Qc1 Kh7 18. Qb1 dxe4 19. dxe4 Kg8 20. Bd3 Ng4 21. Bc2
Nxe3 22. Rxe3 Ne5 23. Nxe5 Bxe5 24. Ba4 Rcd8 25. Red3 Bc8 26. Qc2 a6 27. Qe2 b5
28. Bc2 c4 29. Rxd8 Rxd8 30. Nf1 Rxd1 31. Qxd1 b4 32. cxb4 Bxb2 33. Ne3 g6 34.
Qe2 Be5 35. Qxc4 Bxh2+ 36. Kh1 Bd6 37. Qxc7 Bxc7 38. Bd3 Kf8 39. Kg1 Ke7 40.
Kf1 Bb7 41. Ke2 f5 42. f3 f4 43. Nc4 g5 44. a4 Bc6 45. Nd2 Bxa4 46. Bxa6 h5 47.
Bc4 Bc6 48. Nb3 Bb6 49. Nc1 Bc7 50. Kf1 Bd6 51. Nd3 Kf6 52. b5 Ba8 53. Ke2 g4
54. b6 Bc6 55. Ba6 g3 56. e5+ Bxe5 57. Nxe5 Kxe5 58. b7 Bxb7 59. Bxb7 h4 60.
Bc6 Kd4 1/2-1/2

[Event "138th New York State Ch."]
[Site "Colonie,NY"]
[Date "2016.09.03"]
[Round "2"]
[White "Sharp, Dale E"]
[Black "Qu, Zhi"]
[Result "1-0"]
[WhiteElo "2123"]
[BlackElo "2234"]
[PlyCount "49"]
[EventDate "2016.09.??"]
[EventRounds "6"]
[EventCountry "USA"]

1. e4 c5 2. Nf3 Nc6 3. d4 cxd4 4. Nxd4 e6 5. Nc3 Qc7 6. g3 a6 7. Bg2 Nf6 8. O-O
Nxd4 9. Qxd4 Bc5 10. Qd3 O-O 11. Be3 Ng4 12. Bxc5 Qxc5 13. Na4 Qb4 14. b3 Ne5
15. Qe3 b5 16. Nb2 Bb7 17. Nd3 Nxd3 18. cxd3 f5 19. Rac1 fxe4 20. Rc7 Bc6 21.
Bxe4 Qd6 22. Bxc6 Qxc7 23. Bxa8 Rxa8 24. Rc1 Qa7 25. Rc8+ 1-0

[Event "138th New York State Ch."]
[Site "Colonie,NY"]
[Date "2016.09.04"]
[Round "3"]
[White "Qiao, Cindy"]
[Black "Slomski, Matt"]
[Result "1/2-1/2"]
[WhiteElo "1850"]
[BlackElo "2129"]
[PlyCount "40"]
[EventDate "2016.09.??"]
[EventRounds "6"]
[EventCountry "USA"]

1. e4 e6 2. d4 d5 3. Nc3 Nf6 4. Bg5 Bb4 5. e5 h6 6. exf6 hxg5 7. fxg7 Rg8 8.
Nge2 a6 9. a3 Bd6 10. Nc1 Nc6 11. b4 Qf6 12. Nb3 Qxg7 13. Be2 Rh8 14. h3 Bd7
15. Rf1 Be7 16. Qd3 Qh7 17. Qd2 Qh4 18. Qd3 Qh7 19. Qd2 Qh4 20. Qd3 Qh7 1/2-1/2

[Event "138th New York State Ch."]
[Site "Colonie,NY"]
[Date "2016.09.04"]
[Round "3"]
[White "Johnston, Daniel F"]
[Black "Fellman, Mike"]
[Result "1/2-1/2"]
[WhiteElo "2076"]
[BlackElo "2138"]
[PlyCount "57"]
[EventDate "2016.09.??"]
[EventRounds "6"]
[EventCountry "USA"]

1. e4 c5 2. Nf3 d6 3. d4 cxd4 4. Nxd4 Nf6 5. Nc3 a6 6. h3 e6 7. g4 d5 8. Nde2
Bb4 9. a3 Ba5 10. b4 Bb6 11. exd5 Nxd5 12. Nxd5 exd5 13. Bb2 O-O 14. Bg2 Be6
15. O-O Nc6 16. Nf4 d4 17. Nxe6 fxe6 18. Qe2 Qd6 19. Rae1 Rae8 20. Bxc6 Qxc6
21. Qe4 Qc7 22. Bxd4 Bxd4 23. Qxd4 Qxc2 24. Qd7 Qb3 25. Re3 Qd5 26. Qxd5 exd5
27. Rd3 Re5 28. Rfd1 Re2 29. Rf1 1/2-1/2

[Event "138th New York State Ch."]
[Site "Colonie,NY"]
[Date "2016.09.04"]
[Round "3"]
[White "Paciorkowski, Lev"]
[Black "Bonin, Jay R"]
[Result "1/2-1/2"]
[WhiteElo "2294"]
[BlackElo "2397"]
[PlyCount "62"]
[EventDate "2016.09.??"]
[EventRounds "6"]
[EventCountry "USA"]

1. e4 e6 2. d4 d5 3. exd5 exd5 4. Nf3 c6 5. c4 Bb4+ 6. Nc3 Ne7 7. Bd3 Bf5 8.
O-O O-O 9. Bxf5 Nxf5 10. Qb3 Bxc3 11. bxc3 Qb6 12. Qc2 g6 13. Rb1 Qa6 14. Qb3
dxc4 15. Qxb7 Qxb7 16. Rxb7 Nd6 17. Re7 Na6 18. Rfe1 c5 19. g4 cxd4 20. Nxd4
Nc5 21. Ba3 Rfc8 22. Bxc5 Rxc5 23. Rd7 Re8 24. Rb1 Ne4 25. Rbb7 Rg5 26. f3 Nc5
27. Re7 Rxe7 28. Rxe7 Na4 29. Rxa7 Nxc3 30. Rc7 Rd5 31. Rxc4 Rxd4 1/2-1/2

[Event "138th New York State Ch."]
[Site "Colonie,NY"]
[Date "2016.09.04"]
[Round "3"]
[White "Rodrigue Lemieux, Shawn"]
[Black "Brodsky, David"]
[Result "1/2-1/2"]
[WhiteElo "2181"]
[BlackElo "2378"]
[PlyCount "71"]
[EventDate "2016.09.??"]
[EventRounds "6"]
[EventCountry "USA"]

1. e4 e6 2. d4 d5 3. Nd2 h6 4. c3 c5 5. Ngf3 Nf6 6. Bd3 Nc6 7. O-O cxd4 8. cxd4
dxe4 9. Nxe4 Be7 10. a3 O-O 11. Bc2 Nxe4 12. Bxe4 f5 13. Bxc6 bxc6 14. Bf4 c5
15. Ne5 Qxd4 16. Ng6 Re8 17. Qf3 Qd5 18. Qxd5 exd5 19. Rfe1 Kf7 20. Nxe7 Rxe7
21. Bd6 Rxe1+ 22. Rxe1 c4 23. Re7+ Kf6 24. f4 g5 25. Rh7 Kg6 26. Re7 a5 27. Re5
d4 28. Kf2 Ra7 29. Bc5 Rd7 30. Re6+ Kg7 31. Rd6 Rxd6 32. Bxd6 Kf7 33. Be5 c3
34. bxc3 dxc3 35. Bxc3 a4 36. h3 1/2-1/2

[Event "138th New York State Ch."]
[Site "Colonie,NY"]
[Date "2016.09.04"]
[Round "3"]
[White "Samadashvili, Martha"]
[Black "Treger, Yfim"]
[Result "1/2-1/2"]
[WhiteElo "2130"]
[BlackElo "2287"]
[PlyCount "69"]
[EventDate "2016.09.??"]
[EventRounds "6"]
[EventCountry "USA"]

1. e4 g6 2. d4 Bg7 3. Nc3 a6 4. g3 c5 5. Nge2 Nc6 6. Be3 Nf6 7. h3 Qa5 8. Bg2
O-O 9. O-O d6 10. Qd2 cxd4 11. Nxd4 Qh5 12. Nde2 Ne5 13. g4 Nfxg4 14. hxg4 Nxg4
15. Rfd1 Qh2+ 16. Kf1 Qh4 17. Ng3 Nxe3+ 18. Qxe3 Bh6 19. Qd3 Bg4 20. Bf3 Be6
21. Nd5 Rac8 22. c3 Bf4 23. Ke2 Bxg3 24. fxg3 Qh2+ 25. Ke3 Bxd5 26. Qxd5 Qxb2
27. c4 Qc3+ 28. Qd3 Rxc4 29. Qxc3 Rxc3+ 30. Rd3 Rfc8 31. Rb1 b5 32. Be2 e6 33.
Rb3 Rc2 34. Ra3 R8c6 35. Bd1 1/2-1/2

[Event "138th New York State Ch."]
[Site "Colonie,NY"]
[Date "2016.09.04"]
[Round "4"]
[White "Ellenbogen, Michael"]
[Black "Adamec, Carl"]
[Result "1-0"]
[WhiteElo "2185"]
[BlackElo "2000"]
[PlyCount "43"]
[EventDate "2016.09.??"]
[EventRounds "6"]
[EventCountry "USA"]

1. c4 Nf6 2. g3 d5 3. cxd5 Qxd5 4. Nf3 Bf5 5. Bg2 Bxb1 6. Rxb1 Qxa2 7. Ne5 Nbd7
8. Nxd7 Qxb1 9. Bxb7 Rd8 10. Nxf6+ exf6 11. Qa4+ Ke7 12. O-O Qf5 13. b3 c5 14.
Ba3 Qe5 15. Qc6 Rd6 16. Bxc5 f5 17. d4 Qf6 18. Qc7+ Ke6 19. Bc8+ Kd5 20. Bxd6
Bxd6 21. Qc4+ Ke4 22. Bb7# 1-0

[Event "138th New York State Ch."]
[Site "Colonie,NY"]
[Date "2016.09.04"]
[Round "4"]
[White "Fellman, Mike"]
[Black "Cheng, Michael"]
[Result "1-0"]
[WhiteElo "2138"]
[BlackElo "1959"]
[PlyCount "43"]
[EventDate "2016.09.??"]
[EventRounds "6"]
[EventCountry "USA"]

1. d4 c6 2. c4 d5 3. Nf3 Nf6 4. Nc3 dxc4 5. a4 Bf5 6. Ne5 Na6 7. f3 Nd7 8. Nxc4
e5 9. e4 exd4 10. exf5 dxc3 11. bxc3 Qf6 12. Qd4 Qxd4 13. cxd4 O-O-O 14. Be3
Bb4+ 15. Kf2 Nf6 16. Ne5 Rhf8 17. Bxa6 Bc3 18. Rac1 Bxd4 19. Bxd4 Rxd4 20.
Rxc6+ Kb8 21. Rb1 Rd2+ 22. Ke1 1-0

[Event "138th New York State Ch."]
[Site "Colonie,NY"]
[Date "2016.09.04"]
[Round "4"]
[White "Ostrovskiy, Alexandr"]
[Black "Rodrigue Lemieux, Shawn"]
[Result "1-0"]
[WhiteElo "2488"]
[BlackElo "2181"]
[PlyCount "89"]
[EventDate "2016.09.??"]
[EventRounds "6"]
[EventCountry "USA"]

1. d4 d5 2. Bf4 Nf6 3. e3 e6 4. Nd2 c5 5. c3 Be7 6. Ngf3 Nc6 7. Ne5 Nxe5 8.
dxe5 Nd7 9. Bd3 f5 10. h4 Nf8 11. h5 Bd7 12. g4 Rg8 13. Qc2 g6 14. hxg6 hxg6
15. c4 Bc6 16. Rg1 Rh8 17. cxd5 Bxd5 18. e4 fxe4 19. Nxe4 Rg8 20. g5 Bxe4 21.
Bxe4 Qa5+ 22. Bd2 Qc7 23. f4 O-O-O 24. O-O-O Qb6 25. Rg3 Rd7 26. Rh3 Qa6 27.
Ra3 Qb6 28. Rh1 Kb8 29. Be3 Qb4 30. Rc3 Rc7 31. Kb1 Qb5 32. Rc1 b6 33. Bf3 a5
34. a4 Qa6 35. Rb3 Nd7 36. Be2 Qb7 37. Bc4 Nf8 38. Bf1 Nd7 39. Rb5 Rcc8 40. Bg2
Qc7 41. Qb3 Rge8 42. Qxe6 Bxg5 43. Qd5 Ka7 44. fxg5 Rxe5 45. Qd2 1-0

[Event "138th New York State Ch."]
[Site "Colonie,NY"]
[Date "2016.09.04"]
[Round "4"]
[White "Park, Sangmin"]
[Black "Sheppard, Dore A"]
[Result "1-0"]
[WhiteElo "1726"]
[BlackElo "2142"]
[PlyCount "87"]
[EventDate "2016.09.??"]
[EventRounds "6"]
[EventCountry "USA"]

1. e4 c5 2. Nf3 e6 3. Qe2 Nc6 4. g3 g6 5. Bg2 Bg7 6. O-O Nge7 7. c3 d6 8. Na3
O-O 9. d3 Rb8 10. Bf4 e5 11. Bd2 b5 12. Nc2 a5 13. Be3 b4 14. d4 bxc3 15. bxc3
exd4 16. cxd4 Bg4 17. Rad1 Rb7 18. Qc4 Nb4 19. Nxb4 Rxb4 20. Qc2 cxd4 21. a3
dxe3 22. axb4 exf2+ 23. Qxf2 axb4 24. Qd2 Qb6+ 25. Kh1 Bxf3 26. Rxf3 Be5 27.
Rb3 Nc6 28. Bf1 Rb8 29. Bc4 Qc5 30. Bd5 Bc3 31. Qf4 Ne5 32. Rf1 Rf8 33. h4 Qc8
34. Kg2 Qg4 35. Qf6 Qh5 36. Rbb1 Qe2+ 37. Rf2 Qg4 38. h5 Qxh5 39. Rh1 Qg4 40.
Rh4 Qd7 41. Qg5 h5 42. Rf6 Kg7 43. Rxh5 Qg4 44. Rxg6+ 1-0

[Event "138th New York State Ch."]
[Site "Colonie,NY"]
[Date "2016.09.04"]
[Round "4"]
[White "Qiao, Cindy"]
[Black "Taylor, Steven A"]
[Result "0-1"]
[WhiteElo "1850"]
[BlackElo "2109"]
[PlyCount "98"]
[EventDate "2016.09.??"]
[EventRounds "6"]
[EventCountry "USA"]

1. e4 c5 2. Nf3 Nc6 3. Bb5 d6 4. e5 Bd7 5. exd6 e6 6. d4 Bxd6 7. dxc5 Bxc5 8.
Bf4 Qb6 9. Qe2 Bxf2+ 10. Qxf2 Qxb5 11. c3 Nf6 12. Na3 Qd3 13. Rd1 Qe4+ 14. Qe3
Qxe3+ 15. Bxe3 O-O 16. O-O Rfd8 17. Nc4 Nd5 18. Rde1 Nxe3 19. Rxe3 Be8 20. Ng5
Rd5 21. Ne4 Rad8 22. Rg3 Rd1 23. Rxd1 Rxd1+ 24. Kf2 Kf8 25. Ncd6 f5 26. Nxe8
Kxe8 27. Ng5 Rd2+ 28. Ke3 Rxb2 29. Nxe6 g6 30. Rh3 h5 31. Rg3 Kf7 32. Nf4 Ne7
33. a4 Ra2 34. Kd4 Rxa4+ 35. c4 b5 36. Rc3 Kf6 37. Kc5 Rxc4+ 38. Rxc4 bxc4 39.
Kxc4 Ke5 40. g3 h4 41. Kd3 a5 42. Ne2 g5 43. Ke3 Nd5+ 44. Kf3 a4 45. Nc1 a3 46.
g4 f4 47. Na2 Kd4 48. h3 Nc3 49. Nc1 Kc4 0-1

[Event "138th New York State Ch."]
[Site "Colonie,NY"]
[Date "2016.09.04"]
[Round "4"]
[White "Sharp, Dale E"]
[Black "Paciorkowski, Lev"]
[Result "0-1"]
[WhiteElo "2123"]
[BlackElo "2294"]
[PlyCount "76"]
[EventDate "2016.09.??"]
[EventRounds "6"]
[EventCountry "USA"]

1. e4 c5 2. Nf3 e6 3. d4 cxd4 4. Nxd4 a6 5. Nc3 Qc7 6. g3 Bb4 7. Qd3 Nf6 8. Bg2
Nc6 9. Nxc6 bxc6 10. Bf4 e5 11. Bg5 Be7 12. O-O a5 13. Rfd1 Ba6 14. Qd2 h6 15.
Bxf6 Bxf6 16. Na4 Bg5 17. Qd6 Qxd6 18. Rxd6 Be7 19. Rd2 Rb8 20. b3 Bb5 21. Nb2
Bb4 22. Rdd1 Bc3 23. Rdb1 Ba6 24. a4 Ke7 25. Ra2 Rb6 26. Nd1 Bd4 27. Ne3 g6 28.
Rd1 Bxe3 29. fxe3 c5 30. Raa1 d6 31. Kf2 Bb7 32. Rd2 Bc6 33. Rad1 Rd8 34. h4
Rb4 35. Ke2 f5 36. exf5 Bxg2 37. fxg6 Rg4 38. h5 e4 0-1

[Event "138th New York State Ch."]
[Site "Colonie,NY"]
[Date "2016.09.04"]
[Round "4"]
[White "Suberyi, Jonathan"]
[Black "Johnston, Daniel F"]
[Result "1-0"]
[WhiteElo "2315"]
[BlackElo "2076"]
[PlyCount "102"]
[EventDate "2016.09.??"]
[EventRounds "6"]
[EventCountry "USA"]

1. e4 c5 2. Nf3 g6 3. Bc4 Bg7 4. c3 e6 5. d4 cxd4 6. O-O Ne7 7. e5 O-O 8. cxd4
d6 9. Qe2 Nbc6 10. Rd1 dxe5 11. dxe5 Qc7 12. Bf4 b6 13. Nc3 a6 14. Ne4 Bb7 15.
Rac1 b5 16. Bb3 Rad8 17. Nd6 Nc8 18. Nxb7 Rxd1+ 19. Bxd1 Qxb7 20. Qe4 N8e7 21.
Nd4 Rd8 22. Nf3 Nd5 23. Bg5 Rc8 24. Bb3 Nce7 25. Rxc8+ Qxc8 26. h4 h6 27. Bd2
Qc5 28. h5 gxh5 29. Qh4 Ng6 30. Qxh5 Ndf4 31. Qg4 Bxe5 32. Nxe5 Qxe5 33. g3 Nd3
34. Bc3 Qc5 35. Qe2 Nde5 36. Kg2 Nc4 37. Bc2 e5 38. Qf3 Kg7 39. Be4 Qe7 40. Qf5
Qe6 41. Qf3 Nd6 42. Bd5 Qd7 43. Qe3 Nc4 44. Qc5 Nd6 45. Qb6 Nf5 46. Qb7 Qe8 47.
Qxa6 Nfe7 48. Bb3 Qd7 49. Qa8 f6 50. Qe4 Qc6 51. Qf3 e4 1-0

[Event "138th New York State Ch."]
[Site "Colonie,NY"]
[Date "2016.09.05"]
[Round "5"]
[White "Adamec, Carl"]
[Black "Qiao, Cindy"]
[Result "0-1"]
[WhiteElo "2000"]
[BlackElo "1850"]
[PlyCount "112"]
[EventDate "2016.09.??"]
[EventRounds "6"]
[EventCountry "USA"]

1. e4 c5 2. Bc4 e6 3. Qe2 Ne7 4. c3 d5 5. Bd3 g6 6. Nf3 Bg7 7. O-O O-O 8. Re1
Nbc6 9. Bc2 b6 10. d3 Qc7 11. Bg5 Bb7 12. Bh4 Rac8 13. Bg3 Qd7 14. Nbd2 Rfd8
15. h3 Ba6 16. a3 dxe4 17. Nxe4 Bxd3 18. Bxd3 Qxd3 19. Qxd3 Rxd3 20. Rad1 Rcd8
21. Rxd3 Rxd3 22. Kf1 Nf5 23. Ke2 Rd8 24. Bf4 Na5 25. Bg5 Rd5 26. a4 h6 27.
Nf6+ Bxf6 28. Bxf6 Nd6 29. Rd1 Ndc4 30. Rxd5 exd5 31. b4 Nb7 32. Ne5 Nb2 33.
Nc6 Nxa4 34. bxc5 Nbxc5 35. Ne7+ Kf8 36. Nxd5 Ke8 37. f3 Kd7 38. Bg7 h5 39. g4
hxg4 40. fxg4 Kd6 41. Nf4 g5 42. Nd3 Nxd3 43. Kxd3 Nc5+ 44. Kc4 Ne6 45. Bf6 Kc6
46. h4 gxh4 47. Bxh4 a5 48. Bg3 b5+ 49. Kb3 Kd5 50. Bf2 Nc5+ 51. Kc2 Kc4 52.
Bd4 Ne4 53. Be5 a4 54. Bg7 a3 55. Be5 Nf2 56. g5 Nd3 0-1

[Event "138th New York State Ch."]
[Site "Colonie,NY"]
[Date "2016.09.05"]
[Round "5"]
[White "Johnston, Daniel F"]
[Black "Rofrano, Joshua"]
[Result "1-0"]
[WhiteElo "2076"]
[BlackElo "2132"]
[PlyCount "59"]
[EventDate "2016.09.??"]
[EventRounds "6"]
[EventCountry "USA"]

1. e4 c5 2. Nf3 e6 3. d3 d5 4. Nbd2 Nc6 5. g3 Nf6 6. Bg2 Be7 7. O-O O-O 8. e5
Nd7 9. Re1 b5 10. Nf1 a5 11. h4 a4 12. a3 b4 13. Bf4 Nb6 14. N1h2 Ba6 15. Ng5
h6 16. Nh3 Nd4 17. Ng4 Nf5 18. Ne3 Nxe3 19. fxe3 f6 20. Qg4 fxe5 21. Bxh6 Bf6
22. Bg5 Qe7 23. Rf1 Rae8 24. Bxf6 Rxf6 25. Rxf6 Qxf6 26. Rf1 Qe7 27. Ng5 Rf8
28. Qh5 Rxf1+ 29. Bxf1 Qd7 30. Bh3 1-0